Countries by Military Aircraft Insignia in World War I - Statistics

General Stats
  • This quiz has been taken 45 times
  • The average score is 9 of 13
Answer Stats
Picture Hint Answer % Correct
1915 Germany
97%
1912 - 1945 Japan
97%
1909 - Present Belgium
92%
1914 - 1937 United Kingdom
92%
1914 - 1916 Austria-Hungary
89%
1912 - Present France
89%
1915 - 1923 Italy
87%
1912 - 1941 Romania
76%
1912 - 1917 Russia
61%
1918 - 1919 United States
61%
1914 - 1918 Portugal
39%
1914 - 1918 Ottoman Empire
37%
1914 - 1921 Netherlands
26%
No matching quizzes found
Score Distribution
Percent of People with Each Score
Percentile by Number Answered
Your Score History
You have not taken this quiz